| 000 | 01002cam a2200289 a 4500 | ||
|---|---|---|---|
| 001 | 4986164 | ||
| 003 | ARRUPE | ||
| 005 | 20140219141638.0 | ||
| 008 | 980210s1997 gau b 001 0deng d | ||
| 010 | _a 98134182 | ||
| 020 | _a0865546037 | ||
| 035 | _a(OCoLC)38389705 | ||
| 040 |
_aGMM _cGMM _dDLC |
||
| 042 | _alccopycat | ||
| 050 | 0 | 0 |
_aBT127.2 _b.M37 1997 |
| 082 | 0 | 0 |
_a231.7/4/092 _221 |
| 100 | 1 |
_aMcGrath, Francis J., _d1930-2003. _98762 |
|
| 245 | 1 | 0 |
_aJohn Henry Newman : _buniversal revelation / _cFrancis McGrath ; with a foreword by Gerard Tracey. |
| 260 |
_aMacon, GA : _bMercer University Press, _c1997. |
||
| 300 |
_a169 p. ; _c24 cm. |
||
| 504 | _aIncludes bibliographical references (p. 157-161) and indexes. | ||
| 600 | 1 | 0 |
_aNewman, John Henry, _d1801-1890. _98763 |
| 650 | 0 |
_aRevelation _xChristianity. _98764 |
|
| 906 |
_a7 _bcbc _ccopycat _d2 _encip _f19 _gy-gencatlg |
||
| 942 |
_2lcc _cMONOGRAPH |
||
| 999 |
_c120097 _d120097 |
||